00342nam a2200133Ia 4500008004000000041000800040082001200048100002200060245003800082260004200120650002000162650001200182650001400194210210b1938 xxu||||| |||| 00| 0 eng d aeng a821/477 aMUIR (Kenneth) Ed aEnglish poetry-students anthology aLondonbOxford University Pressc1938 apoetry-students aEnglish aanthology